Slovenčina ako cudzí jazyk na pozadí španielčiny

Analýza problémov, ktoré vyvstávajú pri učení sa slovenčiny ako cudzieho jazyka zo strany španielsky hovoriacich študentov na fonologickej, ortografickej a morfosyntaktickej rovine.

Salvato in:
Dettagli Bibliografici
Autore principale: Sánchez Presa, Mónica
Natura: Capitolo di libro
Lingua:slovacco
Soggetti:
Tags: Aggiungi Tag
Nessun Tag, puoi essere il primo ad aggiungerne!!

MARC

LEADER 00000naa$a2200000$$$4500
001 0192348
005 20240502083445.7
041 0 |a slo 
044 |a FR 
245 1 0 |a Slovenčina ako cudzí jazyk na pozadí španielčiny  |c Mónica Sánchez Presa 
520 |a Analýza problémov, ktoré vyvstávajú pri učení sa slovenčiny ako cudzieho jazyka zo strany španielsky hovoriacich študentov na fonologickej, ortografickej a morfosyntaktickej rovine. 
610 2 0 |a jazykoveda 
610 2 0 |a jazyky cudzie 
610 2 0 |a slovenčina 
610 2 0 |a španielčina 
610 2 0 |a vzdelávanie 
100 1 |a Sánchez Presa, Mónica